| 000 | 00762cam a2200241 a 4500 | ||
|---|---|---|---|
| 001 | 12431902 | ||
| 005 | 20180221070538.0 | ||
| 008 | 010605s2002 maua b 001 0 eng | ||
| 010 | _a 2001040332 | ||
| 020 | _a0072397780 (pbk. : alk. paper) | ||
| 040 |
_aDLC _cDLC _dDLC |
||
| 041 | _aeng | ||
| 043 | _an-us--- | ||
| 080 | _a370..973 JOE | ||
| 082 | 0 | 0 |
_a370..973 JOE _221 |
| 100 | 1 | _a47 | |
| 101 | _aEDU | ||
| 245 | 1 | 0 |
_aAmerican education / _cJoel Spring. |
| 504 | _aIncludes bibliographical references and index. | ||
| 906 |
_a7 _bcbc _corignew _d1 _eocip _f20 _gy-gencatlg |
||
| 942 |
_2ddc _cBK |
||
| 999 |
_c43042 _d43042 |
||